| 000 | 00987nam a22002417a 4500 | ||
|---|---|---|---|
| 999 |
_c8533 _d8533 |
||
| 005 | 20200603132653.0 | ||
| 008 | 140710b2005 ck ||||| ||||a00| 0 spa d | ||
| 020 | _a9589740251 obra completa | ||
| 040 |
_aCO-BoIAVH _cCO-BoIAVH |
||
| 041 | _aspa | ||
| 044 | _ack | ||
| 082 |
_a333.716 _bA53a |
||
| 100 | 1 |
_aMedina, María Mercedes _924792 |
|
| 245 | 1 | 0 | _aAnálisis de efectividad del manejo de áreas protegidas con participación social |
| 260 |
_aCali _bEditorial WWF Colombia _c2005 |
||
| 300 |
_a5 fasc. _bil., figuras, fotos, tablas _c33 cm. |
||
| 505 | _aFasc 0. Contexto y marco conceptual Fasc 1. Efectividad a largo plazo Fasc 2. Efectividad a mediano plazo Fasc 3. Efectividad a corto plazo | ||
| 650 |
_aConservación del medio ambiente _xParticipación social _9103304 |
||
| 650 |
_aConservación del medio ambiente _xÁreas protegidas _9103305 |
||
| 710 | 1 |
_aParques Nacionales Naturales de Colombia _9103306 |
|
| 710 | 1 |
_aWWF Colombia _92412 |
|
| 942 |
_2ddc _cLIBRO |
||